Score 0/18 Timer 02:00
0 Plays Today
Answer % Correct
↙ GOOD ↙
94.3%
POE
89.1%
TOE
86.2%
PRE
86.1%
DAWN
85.4%
• DAYS •
85.4%
LAY'S
80.1%
GOWN
79.6%
GOON
78.7%
Answer % Correct
DOWN
78.3%
LAWS
75.6%
ODD
75%
LAWN
74.6%
→ OLD →
68.5%
→ THE →
67.4%
ADD
61%
ADE
54.3%
ARE
53.2%

Today's Daily Dose

Remove Ads.
Support Sporcle.
Get the best of Sporcle when you Go Orange. This ad-free experience offers more features, more stats, and more fun while also helping to support Sporcle. Thank you for becoming a member.

You're not logged in!

Compare scores with friends on all Sporcle quizzes.
OR
Log In

Show Comments

Extras

Top Quizzes Today


Score Distribution

Your Account Isn't Verified!

In order to create a playlist on Sporcle, you need to verify the email address you used during registration. Go to your Sporcle Settings to finish the process.

Report this User

Report this user for behavior that violates our Community Guidelines.

Details: